| 000 | 00983cam a2200205 4500 | ||
|---|---|---|---|
| 001 | ##ABS67174 | ||
| 008 | 031030n2003 000 0 eng u | ||
| 035 | _a(Sirsi) u124181 | ||
| 041 | 0 | _aeng | |
| 100 | 1 | _aShaw, E. | |
| 245 | 0 | 0 | _aWhat will it really cost to put it right? |
| 260 | _c2003 | ||
| 490 | 0 |
_aEstates Gazette _v (0347) 18 October 2003, 124(1) |
|
| 520 | _aAssesses the introduction of the additional step enabling landlords to assess their losses in making a claim, in the 2003 "Dilapidations: guidance note" (ISBN 184219075X). Stresses that the Civil Procedure Rules require issues to be identified at an early stage, reminds that the claimant is required to ensure the claim reflects the loss suffered and that the claim must take into account the landlord's proposals. | ||
| 590 | _aABS | ||
| 650 | 2 | 4 | _aCIVIL PROCEDURE RULES |
| 650 | 2 | 4 | _aDILAPIDATIONS GUIDANCE NOTE |
| 690 | _aPROPERTY-LEASEHOLD PROPERTY-LANDLORD AND TENANT-DILAPIDATIONS | ||
| 942 | _n0 | ||
| 999 |
_c73714 _d73714 |
||